000 00494nmm a2200169Ia 4500
008 251105s9999||||xx |||||||||||||||||und||
020 _a9789562828970
041 _aspa
100 _aRivas, Patricio
245 0 _aChile, un largo septiembre
264 _a[Santiago de Chile, Chile] :
_bLOM Ediciones,
_c2007
300 _a256 páginas
490 _aSeptiembre
650 _aHistory of the Americas: Latin America
856 _uhttps://public.digitaliapublishing.com/a/13230
942 _cCF
999 _c94321
_d94321